Некоторые особенности переноса излучения в пространственно ограниченных средах с анизотропным рассеянием; Известия вузов. Физика; т. 32, № 12

Podrobná bibliografie
Parent link:Известия вузов. Физика/ Министерство общего и профессионального образования Российской Федерации ; Томский Госуниверситет.— , 1958-
т. 32, № 12.— 1989.— С. 69-72
Další autoři: Горячев Б. В. Борис Валентинович, Ларионов В. В. Виталий Васильевич, Могильницкий С. Б. Сергей Борисович, Савельев Б. А.
Jazyk:ruština
Vydáno: 1989
Témata:
Médium: MixedMaterials Kapitola
KOHA link:https://koha.lib.tpu.ru/cgi-bin/koha/opac-detail.pl?biblionumber=495935

MARC

LEADER 00000naa2a2200000 4500
001 495935
005 20240202141246.0
035 |a (RuTPU)RU\TPU\prd\165628 
035 |a RU\TPU\prd\165477 
090 |a 495935 
100 |a 20130121a1989 k y0rusy50 ca 
101 0 |a rus 
102 |a RU 
200 1 |a Некоторые особенности переноса излучения в пространственно ограниченных средах с анизотропным рассеянием  |f Б. В. Горячев [и др.] 
320 |a Библиогр.: с. 72 (7 назв.) 
461 0 |0 (RuTPU)RU\TPU\prd\191  |t Известия вузов. Физика  |f Министерство общего и профессионального образования Российской Федерации ; Томский Госуниверситет  |d 1958- 
463 0 |0 (RuTPU)RU\TPU\prd\77059  |t т. 32, № 12  |v С. 69-72  |d 1989 
610 1 |a труды учёных ТПУ 
701 1 |a Горячев  |b Б. В.  |c физик  |c доцент Томского политехнического университета, кандидат физико-математических наук  |f 1947-  |g Борис Валентинович  |3 (RuTPU)RU\TPU\pers\25460  |9 11399 
701 1 |a Ларионов  |b В. В.  |c физик  |c профессор Томского политехнического университета, доктор педагогических наук  |f 1945-  |g Виталий Васильевич  |3 (RuTPU)RU\TPU\pers\25193  |9 11273 
701 1 |a Могильницкий  |b С. Б.  |c физик  |c доцент Томского политехнического университета, кандидат физико-математических наук  |f 1951-  |g Сергей Борисович  |3 (RuTPU)RU\TPU\pers\25470 
701 1 |a Савельев  |b Б. А. 
801 1 |a RU  |b 63413507  |c 20130121 
801 2 |a RU  |b 63413507  |c 20130121  |g RCR 
942 |c BK